Personnalités préférées des Français 2024 - Statistiques

Statistiques générales
  • Ce quiz a été pris 208 fois
  • Le résultat moyen est 16 sur 50
Statistiques - réponses
Place Profession Personnalité % Correct
3 Judoka Teddy Riner
86%
36 Footballeur Kylian Mbappé
85%
5 Nageur Léon Marchand
82%
7 Astronaute Thomas Pesquet
80%
1 Chanteur Jean-Jacques Goldman
76%
8 Rugbyman Antoine Dupont
75%
11 Femme politique Marine Lepen
74%
33 Footballeur Antoine Griezmann
69%
10 Homme politique Jordan Bardella
67%
2 Acteur Omar Sy
64%
31 Pongistes Alexis/Félix Lebrun
54%
29 Pâtissier Cyril Lignac
53%
28 Cuisinier Philippe Etchebest
50%
27 Acteur Pierre Niney
50%
17 Football Zinedine Zidane
46%
32 Slam Grand corps malade
43%
18 Acteur Jean Dujardin
40%
4 Chanteur Florent Pagny
35%
6 Chanteur Soprano
34%
16 Chanteur Vianney
33%
15 Animatrice TV Karine Lemarchand
30%
40 Chanteuse Louane
28%
19 Humoriste Dany Boon
25%
21 Animateur TV Jean-Luc Reichmann
25%
12 Chanteur Michel Sardou
21%
23 Acteur Christian Clavier
19%
38 Animatrice TV Faustine Bollaert
19%
50 Actrice Adèle Exarchopoulos
17%
22 Humoriste Florence Foresti
17%
49 Acteur Gilles Lellouche
17%
45 Acteur Kad Merad
16%
9 Chanteur Francis Cabrel
15%
37 Chanteur Julien Doré
15%
34 Chanteur Renaud
15%
13 Acteur Jean Reno
14%
14 Actrice Sophie Marceau
14%
30 Acteur Alain Chabat
12%
43 Chanteuse Clara Luciani
12%
25 Chanteuse Mylène Farmer
12%
47 Actrice Alexandra Lamy
11%
48 Animateur TV Stéphane Bern
11%
42 Actrice Virginie Efira
11%
41 Humoriste Gad Elmaleh
10%
35 Chanteur Alain Souchon
9%
44 Actrice Mimie Mathy
9%
24 Actrice Audrey Fleurot
7%
20 Chanteur Eddy Mitchell
7%
46 Actrice Josiane Balasko
7%
39 Acteur Fabrice Luchini
2%
26 Acteur Pierre Richard
2%
Aucun quiz correspondant
Distribution des résultats
% des personnes avec chaque résultat
Percentile par nombre de réponses
Votre historique - résultats
Vous n’avez pas pris ce quiz